000 00731nab a2200169 4500
003 ES-SlBCS
005 20220907161509.0
008 150924s2015 rm ||||| |||| 00| 0 eng d
040 _aES-SlBCS
_bspa
100 1 _aMarica, Mircea
_9409053
245 1 0 _aIn Defence of Husserl's Late Account of Evidence
_b: Apodicticity Need not Imply Adequacy
_cMircea Marica
246 1 1 _aEn défendant la signification finale de l'évidence chez Husserl
_b: l'apodiciticité ne peut pas implique l'adéquation
600 0 _aHusserl, Edmund
_d, 1859-1938
_xCrítica e interpretación
_9120926
650 0 4 _aConocimiento
_9113574
773 0 _gVol. 59, Nº 1, 2015, págs. 175-197
_tRevue Roumaine de Philosophie
_wRev749
_x1220-5400
942 _2lcc
_cAR
999 _c853857
_d853857